Geology and magnetite deposits of the Franklin quadrangle and part of the Hamburg quadrangle, New Jersey ; a study of the rocks, structure, and magnetite deposits of an area in northern New Jersey /

Bibliographic Details
Main Authors: Baker, Donald R., 1927-, Buddington, A. F. (Arthur Francis), 1890-1980 (Author)
Format: Government Document Book
Language:English
Published: Washington : U.S. Govt. Print. Off, 1970.
Series:Geological Survey professional paper ; 638.
Subjects:

MARC

Tag First Indicator Second Indicator Subfields
LEADER 00000cam a2200000 4500
001 in00002784826
005 20200328063651.0
008 710211s1970 dcuab b 001 0 eng
010 |a  76606118  
035 |a (OCoLC)ocm00117520 
035 |a (OCoLC)117520 
040 |a DLC  |c DLC  |d IAS  |d OCLCQ  |d OCLCG  |d UtOrBLW 
043 |a n-us-nj 
049 |a TXAM 
050 0 4 |a QE75  |b .P9 no. 638 
051 |a QE142.S9  |b B33  |c Copy 2. 
082 0 4 |a 550/.8 s 
086 0 |a I 19.16:638 
100 1 |a Baker, Donald R.,  |d 1927- 
245 1 0 |a Geology and magnetite deposits of the Franklin quadrangle and part of the Hamburg quadrangle, New Jersey ;  |b a study of the rocks, structure, and magnetite deposits of an area in northern New Jersey /  |c by Donald R. Baker and A.F. Buddington. 
264 1 |a Washington :  |b U.S. Govt. Print. Off,  |c 1970. 
300 |a v, 73 pages :  |b illustrations, maps (2 folded color in pocket) ;  |c 29 cm. 
336 |a text  |b txt  |2 rdacontent 
337 |a unmediated  |b n  |2 rdamedia 
338 |a volume  |b nc  |2 rdacarrier 
490 1 |a Geological Survey professional paper 638 
504 |a Bibliography: pages 68-70. 
650 0 |a Geology  |z New Jersey  |z Sussex County. 
650 0 |a Geology  |z New Jersey  |z Morris County. 
650 0 |a Magnetite  |z New Jersey  |z Sussex County. 
650 0 |a Magnetite  |z New Jersey  |z Morris County. 
700 1 |a Buddington, A. F.  |q (Arthur Francis),  |d 1890-1980  |e author. 
830 0 |a Geological Survey professional paper ;  |v 638. 
948 |a cataloged  |b h  |c 2012/11/28  |d c  |e mvaldespin  |f 01:35:31 pm 
994 |a C0  |b TXA 
999 |a MARS 
999 f f |s 2196e7ce-3b84-3fc7-b288-0f572b8862ee  |i b5449919-7a09-334b-983d-db4a8cfcc0e3  |t 0 
952 f f |p normal  |a Texas A&M University  |b College Station  |c Sterling C. Evans Library  |d Evans: US Documents (Annex 5th floor)  |t 0  |e I 19.16:638  |h Superintendent of Documents classification  |i unmediated -- volume  |m A14839369145 
998 f f |a I 19.16:638  |t 0  |l Evans: US Documents (Annex 5th floor)